000 00300nam a22001337a 4500
008 210430b ||||| |||| 00| 0 eng d
041 _aeng
080 _a030
082 _a030
100 _a23
101 _aENC
245 _aEncyclopedia of Poetry and Poetics
_cAlex Preminger
942 _2udc
_cBK
999 _c57043
_d57043